| 000 | 01002cam a2200349 4500 | ||
|---|---|---|---|
| 001 | ABS66684 | ||
| 008 | 030529n2003 000 0 eng u | ||
| 035 | _a(Sirsi) u122461 | ||
| 245 | _aFocus 2003: Essex | ||
| 260 | _c2003 | ||
| 490 |
_aEstates Gazette _v(0318) 3 May 2003, 65-85(11) |
||
| 590 | _aABS | ||
| 650 | _aESSEX | ||
| 650 | _aBASILDON | ||
| 650 | _aCHELMSFORD | ||
| 650 | _aDAGENHAM | ||
| 650 | _aFELIXSTOWE | ||
| 650 | _aHARWICH | ||
| 650 | _aIPSWICH | ||
| 650 | _aMISTLEY | ||
| 650 | _aPORTS | ||
| 650 | _aBUSINESS DEVELOPMENT | ||
| 650 | _aMIXED-USE DEVELOPMENTS | ||
| 650 | _aOUT-OF-TOWN DEVELOPMENTS | ||
| 650 | _aPROPERTY-COMMERCIAL PROPERTY-OFFICE PROPERTY-OFFICE PROPERTY MARKET | ||
| 650 | _aPROPERTY-COMMERCIAL PROPERTY-RETAIL PROPERTY-RETAIL PROPERTY MARKET | ||
| 650 | _aPROPERTY DEVELOPMENT | ||
| 650 | _aINDUSTRIAL MARKET | ||
| 650 | _aECONOMIC REGENERATION | ||
| 690 | _aPROPERTY-COMMERCIAL PROPERTY-COMMERCIAL PROPERTY MARKET | ||
| 942 | _n0 | ||
| 999 |
_c72785 _d72785 |
||